000 00246nam a2200109Ia 4500
008 240625s9999 xx 000 0 und d
041 _aeng
082 _a657 BAL
100 _aBALAKRISHNAN RAMJI
245 _aMANAGERIAL ACCOUNTING
260 _c2016
999 _c40212
_d40212